000 00524nam a22001937a 4500
003 KOHA_MİRAKIL
005 20250411170551.0
008 250411b tu ||||| |||| 00| 0 tur d
020 _a9786059444057
040 _aTR-AnABB
_btur
_cTR-AnABB
041 _atur
082 _a813.42
_bSOY 2016
100 1 _aSoyyer, A. Yılmaz,
245 1 0 _aMevlevi /
_cA. Yılmaz Soyyer
260 _aİstanbul :
_bPost Yayınevi,
_c2016
300 _a301 sayfa ;
_c21 cm
650 0 4 _aTürk edebiyatı, roman
942 _2ddc
_cBK
999 _c8658
_d8658
900 _bGizem YORULMAZ